| 000 | 00837cam a2200265 i 4500 | ||
|---|---|---|---|
| 999 |
_c4238 _d4238 |
||
| 001 | 326197 | ||
| 003 | GBCCL | ||
| 005 | 20241126110514.0 | ||
| 008 | 750728s1975 txu b 000 0 eng | ||
| 010 | _a 75003638 | ||
| 020 | _c$5.95 | ||
| 040 |
_aDLC _cDLC _dDLC |
||
| 050 | 0 | 0 |
_aBS2695.4 _b.G74 |
| 082 | 0 | 0 |
_a252.0792 _bGRI |
| 100 | 1 |
_aGriffith, Leonard, _d1920- _98036 |
|
| 245 | 1 | 0 |
_aEphesians : _ba positive affirmation : the Ephesian letter today / _cLeonard Griffith. |
| 260 |
_aWaco, Tex. : _bWord Books, _c[1975] |
||
| 300 |
_a173 p. ; _c23 cm. |
||
| 504 | _aIncludes bibliographical references. | ||
| 610 | 2 | 0 |
_aUnited Church of Canada _xSermons. _98037 |
| 630 | 0 | 0 |
_aBible. _pEphesians _xSermons. _98038 |
| 650 | 0 |
_aSermons, English _zCanada. _91469 |
|
| 906 |
_a7 _bcbc _corignew _d2 _eocip _f19 _gy-gencatlg |
||
| 942 |
_2ddc _cBK _01 |
||